Art škôlka

Enregistré dans:
Détails bibliographiques
Auteur principal: Babic, Ján (Auteur)
Autres auteurs: Krajcsovics, Lorant (Directeur de thèse)
Format: Manuscrit Livre
Langue:slovaque
Publié: Bratislava 2018
Sujets:
Accès en ligne:http://is.stuba.sk/zp/portal_zp.pl?podrobnosti=111560
Tags: Ajouter un tag
Pas de tags, Soyez le premier à ajouter un tag!

MARC

LEADER 00000ntm a22000003a 4500
001 stuzp63897
003 SK-STU
005 20210121102001.5
007 ta
008 150427s2015----xo-----f-mn---000-0-slo-d
040 |a STU  |b slo 
041 0 |a slo 
100 1 |a Babic, Ján  |u 052120  |4 aut  |U FAD Fakulta architektúry  |T FA Ústav ekologickej a experimentálnej architektúry  |X 65297  |U A2120  |Y 393  |7 65297 
242 0 1 |a Art Kindergarten  |y eng 
245 1 0 |a Art škôlka 
260 |c 2018  |a Bratislava 
650 4 |a jednopodlažný objekt  |2 slo 
650 4 |a architektonický návrh  |2 slo 
650 4 |a projekt stavby pre stavebné povolenie  |2 slo 
650 4 |a materská škola  |2 slo 
650 4 |a Architectural design  |2 eng 
650 4 |a One-storey building  |2 eng 
650 4 |a Project for the construction permission  |2 eng 
650 4 |a kindergarten facility  |2 eng 
700 1 |a Krajcsovics, Lorant  |u 052120  |k Z8  |4 ths  |U FAD Fakulta architektúry  |T FA Ústav ekologickej a experimentálnej architektúry  |X 4831  |U A2120  |Y 393  |7 A000004831 
856 4 |u http://is.stuba.sk/zp/portal_zp.pl?podrobnosti=111560  |u https://opac.crzp.sk/?fn=detailBiblioForm&sid=85D30AFD358849054D99B84E20A9